Métodos cuantitativos para administración (Registro nro. 11229)

Detalles MARC
000 -Cabecera
Campo de control de longitud fija 01392nam a22004697a 4500
005 - Fecha y hora de la última transacción
Campo de control 20250826111758.0
008 - Elementos de longitud fija--Información general
Campo de control de longitud fija 181003b xxu||||| |||| 00| 0 spa d
020 ## - International Standard Book Number
Número Internacional Estándar del Libro (ISBN) 9789701065327
041 ## - Idioma
Código de idioma Español
082 ## - Clasificación Decimal Dewey
Número de clasificación 658.403 3 H654m3
100 ## - Entrada principal--Autor personal
Nombre personal Hillier, Frederick S.
9 (RLIN) 30730
100 ## - Entrada principal--Autor personal
Nombre personal Hillier, Mark S.
9 (RLIN) 50105
245 ## - Título propiamente dicho
Título Métodos cuantitativos para administración
250 ## - Edición
Mención de edición 3 edición
260 ## - Pie de imprenta
Lugar de publicación, distribución, etc. México
260 ## - Pie de imprenta
Nombre del editor, distribuidor, etc. Mc Graw Hill
260 ## - Pie de imprenta
Fecha de publicación, distribución, etc. 2008
300 ## - Descripción física
Extensión 602 páginas
490 ## - Serie
Título de la Serie Dirección y Administración de Empresas
650 ## - Materia general
Temática (materia general) TÉCNICAS MATEMÁTICAS EN LA TOMA DE DECISIONES
650 ## - Materia general
Temática (materia general) ADMINISTRACIÓN
650 ## - Materia general
Temática (materia general) CIENCIA ADMINISTRATIVA
650 ## - Materia general
Temática (materia general) TOMA DE DECISIONES
650 ## - Materia general
Temática (materia general) MÉTODO GRÁFICO PARA RESOLVER PROBLEMAS
650 ## - Materia general
Temática (materia general) ANÁLISIS CUANTITATIVO
650 ## - Materia general
Temática (materia general) MODELOS MATEMÁTICOS
650 ## - Materia general
Temática (materia general) REDES
650 ## - Materia general
Temática (materia general) PROGRAMACIÓN LINEAL
650 ## - Materia general
Temática (materia general) PROGRAMACIÓN NO LINEAL
650 ## - Materia general
Temática (materia general) EXCEL
650 ## - Materia general
Temática (materia general) HOJAS DE CÁLCULO
650 ## - Materia general
Temática (materia general) MODELO DE PROGRAMACIÓN NO LINEAL
650 ## - Materia general
Temática (materia general) MÉTODOS DE PRONÓSTICOS
650 ## - Materia general
Temática (materia general) ÁRBOLES DE DECISIÓN
650 ## - Materia general
Temática (materia general) MODELOS DE COLAS
650 ## - Materia general
Temática (materia general) MODELO PERT/CPM
650 ## - Materia general
Temática (materia general) ADMINISTRACIÓN DE PROYECTOS
650 ## - Materia general
Temática (materia general) PROGRAMACIÓN POR METAS
650 ## - Materia general
Temática (materia general) INVENTARIOS
650 ## - Materia general
Temática (materia general) ESTUDIOS DE CASOS
942 ## - Punto de acceso adicional KOHA
Tipo de ítem KOHA Libro
Fuente del sistema de clasificación o colocación Dewey Decimal Classification
Existencias
Signatura completa Código de barras Programa Académico Tipo de ítem
658.403 3 H654m3 23616 Dirección y Administración de Empresas Libro